000 00725nam a22003010a 4500
001 PT61975
003 AR-LpoUNG
005 20210131232050.0
008 191001s2016||||ag |||||||||||||||||spa d
020 _a9789504200686
_c$12
040 _aAR-LpoUNG
_bspa
_cAR-LpoUNG
_eaacr
041 _aspa
044 _aag
082 0 _aA863 896sol
100 1 _aPradelli, Ángela
245 1 3 _aEl sol detrás del limonero
250 _a1ra. ed.
260 _aBuenos Aires :
_bEl bien del sauce,
_c2016.
300 _a126 p. :
_bfot.
650 4 _aARGENTINA
650 4 _aCUENTOS
650 4 _aLITERATURA
650 4 _aPOESIA
650 4 _aPROSA
653 _aLITERATURA ARGENTINA
905 _a61975
942 _cLIB
999 _c13529
_d13529